Central Library OPAC University of Rajshahi

Food security in South Asia / (Record no. 59989)

MARC details
000 -LEADER
fixed length control field 01006nam a2200277 a 4500
001 - CONTROL NUMBER
control field 59989
003 - CONTROL NUMBER IDENTIFIER
rucl marc code BD-RjUL
005 - DATE AND TIME OF LATEST TRANSACTION
control field 20211209080807.0
008 - FIXED-LENGTH DATA ELEMENTS--GENERAL INFORMATION
fixed length control field 161228s2002 ii b 101 0 eng
020 ## - INTERNATIONAL STANDARD BOOK NUMBER
International Standard Book Number 8170229723
035 ## - SYSTEM CONTROL NUMBER
System control number (BD-RjUL)60113
040 ## - CATALOGING SOURCE
Original cataloging agency DLC
Transcribing agency DLC
Language of cataloging eng
041 ## - LANGUAGE CODE
Language code of text/sound track or separate title eng
082 ## - DEWEY DECIMAL CLASSIFICATION NUMBER
Edition number 23
Classification number 363.8095
Author mark and year FOO 2002
245 00 - TITLE STATEMENT
Title Food security in South Asia /
Statement of responsibility, etc. edited by Pradeep Chaturvedi.
260 ## - PUBLICATION, DISTRIBUTION, ETC. (IMPRINT)
Place of publication, distribution, etc. New Delhi :
Name of publisher, distributor, etc. Published for Indian Association for the Advancement of Science, by Concept Pub. Co.,
Date of publication, distribution, etc. 2002.
300 ## - PHYSICAL DESCRIPTION
Pagination xiii, 274 p. ;
Size 23 cm.
504 ## - BIBLIOGRAPHY, ETC. NOTE
Bibliography, etc Includes bibliographical references and index.
520 ## - SUMMARY, ETC.
Summary, etc. Contributed articles discussed at national consultations during 2001.
650 #0 - SUBJECT ADDED ENTRY--TOPICAL TERM
Topical term or geographic name as entry element Food supply
Geographic subdivision South Asia.
9 (RLIN) 178464
Topical term or geographic name as entry element Agriculture
General subdivision Economic aspects
Geographic subdivision South Asia.
9 (RLIN) 178465
700 1# - ADDED ENTRY--PERSONAL NAME
Personal name Chaturvedi, Pradeep.
710 2# - ADDED ENTRY--CORPORATE NAME
Corporate name or jurisdiction name as entry element Indian Association for the Advancement of Science.
9 (RLIN) 178467
942 ## - ADDED ENTRY ELEMENTS (KOHA)
Source of classification or shelving scheme Dewey Decimal Classification
Koha item type Books
Holdings
Lost status Source of classification or shelving scheme Damaged status Not for loan Collection code Permanent Location Current Location Shelving location Date acquired Source of acquisition Cost, normal purchase price Total Checkouts Full call number Date last seen Copy number Koha item type
  Dewey Decimal Classification   Not For Loan Non-fiction Central Library, University of Rajshahi Central Library, University of Rajshahi Reading Room 10/04/2011 Paragogn Enterprise, Dhaka 400.00   363.8095 FOO 2002 28/12/2016 C-1 Books